000 00904nam a2200253Ia 4500
003 OSt
005 20221005112325.0
006 a|||||r|||| 00| 0
007 ta
008 221004b |||||||| |||| 00| 0 pan d
020 _a9788178562636 (hbk)
_c320
024 _a104342
037 _b7830/III/A, 31/01/2011, Arsee Publishers
_cTextual
040 _aCRL
_cCRL
_bpan
041 _2pan
_apan
082 _aO153,1N37:g, Q0
100 _aਸਿੱਘ, ਬ੍ਰਹਮਜਗਦੀ
245 0 _afਵ ਕੁਮਾਰ
_b ਕਾਵਿ ਸੰਵੇਦਨਾ
260 _aਅੰਮ੍ਰਿਤਸਰ
_bਵਾਰਿਸ ਾਹ ਭਾਰਤ
_c2010
300 _a128ਪੰ
_ccm.
650 _aਪੰਜਾਬੀ ਸਾਹਿਤ
942 _hO153,1N37:g, Q0
_cTEXL
_2cc
999 _c1024552
_d1024552